000 00286nam a22001217a 4500
008 181015b xxu||||| |||| 00| 0 eng d
041 _aeng
080 _a321
100 _a21
101 _aPOL
245 _aDocuments On Major Eurpean Gonvernments
_cBraham.R.L
942 _2udc
_cBK
999 _c49684
_d49684